| 000 | 00548cam a2200145 4500500 | ||
|---|---|---|---|
| 005 | 20260208010619.0 | ||
| 041 | _afre | ||
| 042 | _adc | ||
| 100 | 1 | 0 |
_aDubray, Jean _eauthor |
| 245 | 0 | 0 | _aFlorent Guénard, Rousseau et le travail de la convenance, Paris, H. Champion, 2004, 579 p. |
| 260 | _c2007. | ||
| 500 | _a20 | ||
| 786 | 0 | _nRevue philosophique de la France et de l'étranger | 132 | 2 | 2007-06-01 | p. 201zb-265zb | 0035-3833 | |
| 856 | 4 | 1 | _uhttps://shs.cairn.info/revue-philosophique-2007-2-page-201zb?lang=fr&redirect-ssocas=7080 |
| 999 |
_c1657368 _d1657368 |
||